• 首页
  • 本馆介绍
  • 公告通知
  • 最新文献
  • 馆藏检索
  • 电子资源
  • 读者导购
  • 参考咨询
  • 我的图书馆
  • 登录
  • 详细信息显示
  • 放入我的书架
  • 预约/预借图书
  • 作者相关作品
  • 分类相关作品
  • 丛书相关作品
  • 出版社相关作品

书目信息

  • 表格格式
  • 工作单格式
  • 卡片格式
题名:
西方经济学原理
    
 
作者: 刘秀光 , 刘辛元 , 欧阳勤 编著
分册:  
出版信息: 北京   清华大学出版社  2013
页数: 333页
开本: 26cm
丛书名: B&E经济学系列
单 册:
中图分类: F0-08
科图分类:
主题词: 西方经济学
电子资源:
ISBN: 978-7-302-31315-1
000 01166nam0 22002891 450
001 523
005 20140908143311.34
010    @a978-7-302-31315-1@dCNY38.00
100    @a20130407d2013 em y0chiy50 ea
101 0  @achi
102    @aCN@b110000
105    @ay z 000yy
106    @ar
200 1  @a西方经济学原理@AXi Fang Jing Ji Xue Yuan Li@f刘秀光,刘辛元,欧阳勤编著@FLiu Xiu Guang, Liu Xin Yuan, Ou Yang Qin Bian Zhu
205    @a2版
210    @a北京@c清华大学出版社@d2013
215    @a333页@d26cm
225 2  @aB&E经济学系列
330    @a本书包供给与需求原理、消费理论、生产理论、成本分析、市场理论、要素价格决定理论、一般均衡分析与福利经济学、微观经济政策、宏观经济学基础、简单国民产出决定理论、总供给与国民产出决定、货币与银行理论、产品和货币市场的双重均衡、中央银行与货币政策、国民经济的宏观调控、通货膨胀和失业、开放经济的宏观经济学18章内容。
461  0 @12001 @aB&E经济学系列
606 0  @a西方经济学
690    @aF0-08@v5
701  0 @a刘秀光@ALiu Xiu Guang@f(1950~)@4编著
701  0 @a刘辛元@ALiu Xin Yuan@4编著
701  0 @a欧阳勤@AOu Yang Qin@g(女)@4编著
801  0 @aCN@bTANGWEI@c20140603
905    @b0836547-49@dF0-08@e421=2@f3
    
    西方经济学原理/刘秀光,刘辛元,欧阳勤编著.-2版.-北京:清华大学出版社,2013
    333页;26cm.-(B&E经济学系列)
    
    
    ISBN 978-7-302-31315-1:CNY38.00
    本书包供给与需求原理、消费理论、生产理论、成本分析、市场理论、要素价格决定理论、一般均衡分析与福利经济学、微观经济政策、宏观经济学基础、简单国民产出决定理论、总供给与国民产出决定、货币与银行理论、产品和货币市场的双重均衡、中央银行与货币政策、国民经济的宏观调控、通货膨胀和失业、开放经济的宏观经济学18章内容。
●
相关链接 在E读中查询图书 在五车中查询图书 在当当中查询图书 在豆瓣中查询图书


正题名:西方经济学原理     索取号:F0-08/421=2         预约/预借

序号 登录号 条形码 馆藏地/架位号 状态 备注
1 0836547   208365473   第一样本阅览室/ [索取号:F0-08/421=2] 在馆    
2 0836548   208365482   密集书库-海洋学院/ [索取号:F0-08/421=2] 在馆    
3 0836549   208365491   第一借阅区/ [索取号:F0-08/421=2] 在馆    
唐山师范学院图书馆 欢迎您!
大连网信软件有限公司© 版权所有